000 00298nam a2200133Ia 4500
008 151001s9999||||xx |||||||||||||| ||und||
100 _aभाऊ पाध्ये
245 _aमूरगी
250 _a1
260 _bडिंपल
260 _c1981
300 _a162
365 _b17
999 _c962215
_d962212